Chile Country Quiz - Statistics

General Stats
  • This quiz has been taken 40,215 times
    39,715 since last reset
  • The average score is 15 of 20
Answer Stats
Clue Answer % Correct
Bordering country Argentina
99%
Official language Spanish
99%
Bordering country Peru
98%
Bordering country Bolivia
97%
Capital city Santiago
97%
Currency Peso
93%
U.S. state whose flag looks like Chile's
Texas
92%
Mountain range that stretches the length of Chile Andes
91%
In 1960, Chile had the strongest of these ever recorded, measuring 9.5 on the moment magnitude scale Earthquake
91%
Pacific island, also known as Rapa Nui, first discovered by Europeans on Sunday, April 5, 1722 {Easter} Island
81%
Like Norway, Chile has many of these deep, oceanic inlets {Fjord}s
81%
Southernmost archipelago Tierra del {Fuego}
77%
World's driest desert Atacama Desert
64%
Metal that forms 60% of Chile's exports Copper
62%
Dictator of Chile, 1973–1990 Augusto Pinochet
58%
Ojos del Salado, at 6893 meters, is the world's highest ... Volcano
52%
Southernmost point Cape {Horn}
51%
Strait separating the above from the mainland Strait of {Magellan}
49%
Poet who won the 1971 Nobel Prize Pablo Neruda
35%
War in which Bolivia lost its coastline to Chile War of the {Pacific}
28%
No matching quizzes found
Score Distribution
Percent of People with Each Score
Percentile by Number Answered
Your Score History
You have not taken this quiz since the last reset